| Hint | Answer | % Correct |
|---|---|---|
| The famous electric type Pokémon who’s a yellow mouse is … | Pikachu | 98%
|
| where the N stands for … | North | 92%
|
| which is also the name of an ancient kingdom led by … | Alexander the Great | 89%
|
| which, in 1949, joined … | NATO | 89%
|
| who was a detective in a movie starring … | Ryan Reynolds | 87%
|
| whose name sounds an awful lot like … | Play•Doh | 86%
|
| whose teacher was … | Plato | 85%
|
| which is a children’s ________ clay, where the blank is … | Modelling | 84%
|
| whose tutor was … | Aristotle | 83%
|
| which now is part of the official name of a country who, before 2019, simply called itself … | Macedonia | 83%
|
| whose elongated canine tooth is called a … | Tusk | 83%
|
| who is from … | Canada | 82%
|
| which is probably a word on the resumé for … | Heidi Klum | 81%
|
| which is located in the country of … | Ireland | 80%
|
| whose patron saint is … | Patrick | 80%
|
| which is a show produced by … | Nickelodeon | 79%
|
| which also includes the … | Walrus | 79%
|
| which is also the name of the guy who’s best friends with … | SpongeBob SquarePants | 78%
|
| which rhymes with … | Dublin | 74%
|
| the first of which opened in 1905 in … | Pittsburgh | 71%
|
| which is probably historically best known for producing … | Steel | 69%
|
| who, in 2005, married singer … | Seal | 67%
|
| where you’d find the city of … | Lublin | 60%
|
| which is a type of … | Pokémon | 58%
|
| whose name is derived from 5-cent … | Movie Theatres | 57%
|
| which is also the name of the (circa 2025) Prime Minister of … | Poland | 44%
|
| which is also the common name for animals in the class … | Pinnipedia | 41%
|